00467cam a2200181ua 45000010005000000080039000050400009000440820013000532450043000662500009001092600039001183000020001576530023001776530024002007000021002247000023002457000017002681005110426n ii |||gr||||Z||||||eng cMAIN a322.44541 aSwadhinata sangram.cBy Bipin Chandra. a1st. aDelhi.:bNational book trust.,974. a287 p.:c20 cm. aPolitical science. aSwadhinata sangram. aChandra, Bipin., aTripathy, Amlesh., aDey, Barun.,